| 000 | 00892nam a2200277Ia 4500 | ||
|---|---|---|---|
| 003 | OSt | ||
| 005 | 20220928113712.0 | ||
| 006 | a|||||r|||| 00| 0 | ||
| 007 | ta | ||
| 008 | 220927b |||||||| |||| 00| 0 eng d | ||
| 020 | _c595 | ||
| 024 | _a100450 | ||
| 037 |
_b393, 06/10/2009, Pioneer Book Distributors _cTextual |
||
| 040 |
_aSDCL _cSDCL _beng |
||
| 041 |
_2eng _aeng |
||
| 082 | _aX:5381, P8 | ||
| 100 |
_aBrar Bhupinder Ed. _9434548 |
||
| 245 | 0 | _aGlobalization and the politics of identity in India. | |
| 260 |
_aNew Delhi _bPearson Education _c2008 |
||
| 300 |
_avii,312p _ccm. |
||
| 650 | _aPolitical Science | ||
| 700 |
_a Kumar Ashutosh Ed. _9434549 |
||
| 700 |
_a Ronki Ram Ed. _9434550 |
||
| 942 |
_hX:5381, P8 _cTEXL _2CC |
||
| 999 |
_c750869 _d750869 |
||